Thinking about Women : Sociological Perspectives on Sex and Gender /
Salvato in:
| Autore principale: | |
|---|---|
| Natura: | Libro |
| Lingua: | inglese |
| Pubblicazione: |
Nueva York, EUA :
Macmillan,
1988, c1988::::
|
| Edizione: | 2a edición |
| Soggetti: | |
| Tags: |
Nessun Tag, puoi essere il primo ad aggiungerne!!
|
MARC
| LEADER | 00000nam^a2200000^a^4500 | ||
|---|---|---|---|
| 001 | 000190931 | ||
| 005 | 20250521000000.0 | ||
| 009 | 20260310102510.024 | ||
| 020 | |a 0-02-303350-9 | ||
| 037 | |a Acervo ITESO - Biblioteca | ||
| 041 | |a ING | ||
| 082 | |a 305. 420973 |b AND | ||
| 100 | |a Andersen, Margaret L. |e (autor) | ||
| 240 | 1 | 1 | |a [Thinking about Women: Sociological and Feminist Perspectives] |
| 245 | 1 | 0 | |a Thinking about Women : |b Sociological Perspectives on Sex and Gender / |c M.L. Andersen. |
| 250 | |a 2a edición | ||
| 264 | 4 | |a Nueva York, EUA : |b Macmillan, |c 1988, c1988:::: | |
| 300 | |a XXI, 410 p. | ||
| 336 | |a texto |b txt |2 rdacontenido | ||
| 337 | |a sin mediación |b n |2 rdamedio | ||
| 338 | |a volumen |b nc |2 rdasoporte | ||
| 649 | |a XX | ||
| 650 | |a Mujeres en la Religión - |z EUA | ||
| 650 | |a Mujeres - |z EUA - |x Condiciones Jurídicas | ||
| 650 | |a Mujeres - |z EUA - |x Condiciones Laborales | ||
| 650 | |a Mujeres - |z EUA - |x Condiciones Económicas | ||
| 650 | |a Mujeres - |z EUA - |x Condiciones Sociales y Culturales - |x Tema Principal | ||
| 650 | |a Familia - |z EUA - |x Condiciones Sociales y Culturales | ||
| 650 | |a Instituciones - |z EUA | ||
| 650 | |a Feminismo - |z EUA - |x Tema Principal | ||
| 650 | |a Movimientos Sociales - |z EUA | ||
| 650 | |a Identidad de Género | ||
| 650 | |a Género | ||
| 650 | |a Sexualidad - |z EUA | ||
| 650 | |a Socialización - |z EUA | ||
| 650 | |a Empleo y Desempleo - |z EUA | ||
| 650 | |a Salud Reproductiva - |z EUA | ||
| 650 | |a Salud Pública - |z EUA | ||
| 650 | |a Discriminación de Género - |z EUA | ||
| 650 | |a Discriminación - |z EUA | ||
| 650 | |a Sociología de la Religión | ||
| 650 | |a Sociología del Derecho | ||
| 650 | |a Sociología Laboral | ||
| 650 | |a Economía Laboral | ||
| 650 | |a Sociología del Conocimiento | ||
| 650 | |a Sociología de la Cultura | ||
| 910 | |a Fondo General | ||
| 920 | |a Impresos - Libros | ||
| 930 | |a Colección General | ||
| 905 | |a 101 | ||
| 901 | |a 0500134216 |b IT1 |c ACC |u 20250521 | ||
| 902 | |a https://opac.biblio.iteso.mx/vufind/Record/000190931 | ||